000 00509nam a2200181Ia 4500
001 8872
005 20260306160642.0
008 260306t2014||||xx |||||||||||||| ||spa||
041 _aESP
082 _a371.782
_bM26
100 _aMartínez Rojas, José Guillermo
_eAUT
245 0 _aEl manual de convivencia y la prevención del bullying:
_bdiagnóstico, estrategias y recomendaciones
260 _c2014
300 _a273 páginas :
_c24 cm.
650 _aGEN
654 _aCED
942 _cLIB
_dJUS
_fJUS
_2ddc
_n
999 _c8872
_d8872